Jak vycvičit dračí školu. Zletounova zhouba /

Další pokračování dobrodružného příběhu Škyťáka Šelmovské Štiky.

Uloženo v:
Série:Jak vycvičit dračí školu, část 1
Hlavní autor: Cowell, Cressida, 1966- (Autor, Ilustrátor)
Další autoři: Špaček, Silvestr Vandrovec, 1980- (Autor)
Médium: Kniha
Jazyk:Czech
Vydáno: Praha : Slovart, 2026
Vydání:Vydání první
Témata:
Celkem bylo vypůjčeno:0x
Příbuzné jednotky:Z cyklu:: Jak vycvičit dračí školu
Tagy:
Žádné tagy
LEADER 02388nam a2200481 i 4500
001 106142
003 CZ PrSKC
005 20260415115904.0
007 ta
008 260324s2026 xr a c 000 j cze
015 |a cnb003747116 
020 |a 9788027612741  |q (brožováno) :  |c Kč 299,00 
040 |a ABG001  |b cze  |e rda 
041 1 |a cze  |h eng 
072 7 |a 821.111-3  |x Anglická próza, anglicky psaná  |2 Konspekt  |9 25 
072 7 |a 821-93  |x Literatura pro děti a mládež (beletrie)  |2 Konspekt  |9 26 
080 |a 821.111-32  |2 MRF 
080 |a 821-93  |2 MRF 
080 |a (0:82-321.3)  |2 MRF 
100 1 |a Cowell, Cressida,  |d 1966-  |7 xx0059060  |4 aut  |4 ill  |9 10317 
240 1 0 |a How to train your dragon school.  |l Česky 
245 1 0 |a Jak vycvičit dračí školu.  |p Zletounova zhouba /  |c napsala a ilustrovala Cressida Copwellová ; z anglického originálu How to train your dragon school ... přeložil Silvestr Vandrovec Špaček 
246 3 0 |a Zletounova zhouba 
250 |a Vydání první 
264 1 |a Praha :  |b Slovart,  |c 2026 
300 |a 221 stran, 35 nečíslovaných stran :  |b ilustrace ;  |c 19 cm 
336 |a text  |b txt  |2 rdacontent 
337 |a bez média  |b n  |2 rdamedia 
338 |a svazek  |b nc  |2 rdacarrier 
520 2 |a Další pokračování dobrodružného příběhu Škyťáka Šelmovské Štiky.  |b Měla to být klidná, spořádaná hodina. Škyťák ani trochu nestál o nějaké potíže. Ale pak se všechno zvrtne a Škyťák se náhle ocitá uprostřed jednoho ze svých nejdivočejších dobrodružství daleko na rozbouřeném moři v potápějící se loďce a visí nad ním nebezpečí v podobě strašlivé zhouby. Nakladatelská anotace. 
655 7 |a anglické příběhy  |7 fd131813  |2 czenas  |9 53420 
655 7 |a dobrodružné příběhy  |7 fd132060  |2 czenas  |9 53557 
655 7 |a publikace pro děti  |7 fd133156  |2 czenas  |9 23 
655 9 |a English stories  |2 eczenas 
655 9 |a adventure stories  |2 eczenas 
655 9 |a children's literature  |2 eczenas 
700 1 |a Špaček, Silvestr Vandrovec,  |d 1980-  |7 osa2015876099  |4 trl  |9 27578 
710 2 |a Nakladatelství Slovart  |7 kn20101109023  |4 pbl  |9 117265 
787 0 8 |i Z cyklu:  |t Jak vycvičit dračí školu  |g 1 
910 |a UOG502 
942 |2 ddc  |c KN 
999 |d 106142 
993 |0 0  |1 421180106867  |2 ddc  |4 0  |6 M_I  |7 0  |9 99454  |b 0  |c 106867  |d 2026-04-15  |e 0  |f M  |g M/I  |h 299.00  |i Koupě  |l M  |r 2026-04-15  |t 8  |w 2026-04-15  |y KN  |z BELET  |n